[Event "Olomouc"]
[Site "Olomouc"]
[Date "1989.??.??"]
[Round "?"]
[White "Konopka, Michal"]
[Black "Zvolanek, Lubomir"]
[Result "1-0"]
[WhiteElo "2405"]
[BlackElo "2230"]

1.Nf3 Nf6 2.c4 e6 3.g3 d5 4.d4 Be7 5.Bg2 O-O 6.O-O dxc4 7.Qc2 a6 8.Qxc4 b5
9.Qc2 Bb7 10.Bg5 Nbd7 11.Bxf6 Nxf6 12.Nbd2 Rc8 13.Nb3 c5 14.dxc5 Bd5 15.Ne1 Bxg2
16.Nxg2 Nd7 17.Rfd1 Qc7 18.Nf4 Nxc5 19.Nxc5 Bxc5 20.Qe4 Rfd8 21.Rxd8+ Rxd8
22.Nd3 g6 23.Kg2 Bf8 24.Rc1 Qa5 25.a3 Qd2 26.Rc7 Bd6 27.Ra7 a5 28.Qf3 Rf8
29.Rd7 Bb8 30.Ne5 Qh6 31.Nxf7 Qg7 32.Qb7 Be5 33.Ng5 Qf6 34.Ne4 Qf5 35.b3 Re8
36.Qc6 Bg7 37.f3 Bf8 38.Qc7 Ra8 39.g4  1-0

[Event "GMA Baleares Open"]
[Site "Palma de Mallorca"]
[Date "1989.??.??"]
[Round "6"]
[White "Tukmakov, Vladimir B"]
[Black "Lalic, Bogdan"]
[Result "1/2-1/2"]
[WhiteElo "2565"]
[BlackElo "2500"]

1.d4 Nf6 2.c4 e6 3.g3 d5 4.Bg2 Be7 5.Nf3 O-O 6.O-O dxc4 7.Qc2 a6 8.Qxc4 b5
9.Qc2 Bb7 10.Bd2 Be4 11.Qc1 Bb7 12.Bf4 Bd6 13.Nc3 Nbd7 14.Rd1 Qb8 15.Ne5 Bxg2
16.Nxd7 Nxd7 17.Kxg2 c5 18.dxc5 Qb7+ 19.f3 Bxc5 20.Ne4 Be7 21.Qc7 Qxc7 22.Bxc7 Nf6
23.Bd6 Bxd6 24.Nxd6 Nd5 25.Kf2 Rfd8 26.Nb7 Rdc8 27.Rac1 f5 28.a3 Kf8 29.Nc5 Ke7
30.e4 fxe4 31.Nxe4 a5 32.Re1 h6 33.Nc5 Rc6 34.Nb3 Rxc1 35.Rxc1 b4 36.Nd4 bxa3
37.bxa3 Kd7 38.Rc5 g5 39.Ke2 Rb8 40.Rxa5 Rb2+ 41.Kd3 Rxh2 42.Ra7+ Nc7 43.Nb5 Kc6
44.Rxc7+ Kxb5 45.g4 h5 46.Rg7 hxg4 47.Rxg5+ Kc6 48.Rxg4 e5 49.Ra4 Kd5 50.Ra5+ Ke6
51.Ra6+ Kd5 52.Ra5+ Ke6 53.Ra8 Rf2 54.Ke3 Ra2 55.a4 Kf5 56.a5 Ra3+ 57.Ke2 Kf4
58.a6 Ra2+ 59.Kd3 Kxf3 60.Rf8+ Kg4 61.Ra8 Kf3  1/2-1/2

[Event "GMA Baleares Open"]
[Site "Palma de Mallorca"]
[Date "1989.??.??"]
[Round "8"]
[White "Dorfman, Josif D"]
[Black "Barbero, Gerardo F"]
[Result "1-0"]
[WhiteElo "2585"]
[BlackElo "2475"]

1.d4 Nf6 2.c4 e6 3.g3 d5 4.Nf3 Be7 5.Bg2 O-O 6.O-O Nc6 7.Nbd2 Ne4 8.Qc2 f5
9.a3 a5 10.b3 Bd7 11.e3 Be8 12.Ne1 g5 13.Nd3 Bg6 14.f4 g4 15.Bb2 h5 16.Rfd1 Qe8
17.Rac1 h4 18.Nf1 hxg3 19.hxg3 Bd6 20.Qe2 Nd8 21.Ne5 Nf6 22.Nd2 Kg7 23.Kf2 Nf7
24.Rh1 c6 25.Nb1 Qe7 26.c5 Bxe5 27.dxe5 Ne4+ 28.Bxe4 dxe4 29.Bd4 Rh8 30.Nd2 Rh3
31.Rhg1 Rh2+ 32.Rg2 Rah8 33.Rg1 R8h3 34.Rxh2 Rxh2+ 35.Rg2 Rh1 36.Nc4 Qd8
37.Nd6 Qd7 38.Qd2 Rb1 39.Bb2 Rh1 40.Nxf5+  1-0

[Event "GMA Baleares Open"]
[Site "Palma de Mallorca"]
[Date "1989.??.??"]
[Round "9"]
[White "Sorokin, Maxim"]
[Black "Kosten, Anthony C"]
[Result "1/2-1/2"]
[WhiteElo "2420"]
[BlackElo "2500"]

1.d4 Nf6 2.Nf3 e6 3.g3 d5 4.Bg2 Be7 5.c4 O-O 6.O-O c6 7.b3 b6 8.Bb2 Bb7 9.Nc3 Nbd7
10.Qc2 Rc8 11.e4 c5 12.exd5 exd5 13.Rfd1 dxc4 14.d5 Ne8 15.bxc4 Nd6 16.Ne4 Nxe4
17.Qxe4 Bf6 18.Bxf6 Nxf6 19.Qf4 Re8 20.Re1 Qd7 21.Ne5 Qd6 22.Nc6 Qxf4 23.gxf4 Bxc6
24.dxc6 Rxe1+ 25.Rxe1 Kf8 26.Bf3 Re8 27.Ra1 Rc8 28.a4 Ng8 29.Rd1 Ne7 30.Rd6 Ke8
31.Bg4 Rc7 32.Bd7+ Kf8 33.Kg2 Nxc6 34.Rxc6 Rxd7 35.a5 Rd4 36.axb6 axb6 37.Kf3 Rxc4
38.Rxb6 h5 39.Rb7 Rc3+ 40.Ke4 Kg8 41.Rc7 f6 42.h4 Kh7 43.Rc8 Rc4+ 44.Kf3 Kg6
45.Rd8 Rc1 46.Rd5 f5 47.Rd6+ Kf7 48.Rd7+ Kf6 49.Rc7 c4 50.Ke2 c3 51.Rc6+ Ke7
52.Rc7+ Kd6 53.Rxg7 Rf1 54.Kd3 Rxf2 55.Kxc3 Rxf4 56.Rg5 Ke5 57.Rxh5 Re4 58.Kd3 Kf4
59.Rh8 Kf3 60.h5 f4 61.h6 Re7 62.h7 Rd7+ 63.Kc4 Rf7 64.Kd5 Ra7 65.Ke5 Ra5+
66.Kf6 Ra6+ 67.Kg5 Ra5+ 68.Kg6  1/2-1/2

[Event "Paris-Elo (Women)"]
[Site "Paris"]
[Date "1989.??.??"]
[Round "?"]
[White "Flear, Christine"]
[Black "Piquemal, Christianne"]
[Result "1-0"]
[WhiteElo "2170"]
[BlackElo "1860"]

1.d4 d5 2.Nf3 Nf6 3.c4 e6 4.g3 Be7 5.Bg2 O-O 6.O-O c6 7.Nbd2 Nbd7 8.Qc2 b6
9.e4 dxe4 10.Nxe4 Nxe4 11.Qxe4 Ba6 12.Ne5 Nxe5 13.dxe5 Qc7 14.Be3 Rad8 15.f4 Rd7
16.f5 exf5 17.Rxf5 Rfd8 18.Raf1 f6 19.exf6 Bxf6 20.Qe6+ Kh8 21.Rxf6 gxf6
22.Qxf6+ Rg7 23.Bh6 Rg8 24.b3 b5 25.Bxc6 Qb6+ 26.Kg2 Bb7 27.cxb5 a6 28.Re1 Bxc6+
29.bxc6 Qb8 30.Re7  1-0

[Event "Paris AECE"]
[Site "Paris"]
[Date "1989.??.??"]
[Round "5"]
[White "Pergericht, Daniel"]
[Black "Abravanel, Chely"]
[Result "1/2-1/2"]
[WhiteElo "2355"]
[BlackElo "2270"]

1.d4 Nf6 2.c4 e6 3.g3 d5 4.Nf3 Be7 5.Bg2 O-O 6.O-O b6 7.cxd5 exd5 8.Nc3 Bb7
9.Qc2 Nbd7 10.Rd1 a6 11.Bf4 Re8 12.Rac1 Rc8 13.Bh3 c5 14.dxc5 bxc5 15.Ne5 d4
16.Qb3 Nxe5 17.Qxb7 Rb8 18.Qg2 Bf8 19.Na4 Qa5 20.b3 Rbd8 21.Qb7 c4 22.Bxe5 Rxe5
23.Rxc4 Rxe2 24.Bf1 Rxa2 25.Rcxd4 Rxd4 26.Rxd4 Qe1 27.Rf4 a5  1/2-1/2

[Event "Portoroz"]
[Site "Portoroz"]
[Date "1989.??.??"]
[Round "?"]
[White "Truta, Srecko"]
[Black "Orel, Oskar"]
[Result "1-0"]
[WhiteElo "2265"]
[BlackElo "2335"]

1.c4 e6 2.Nf3 d5 3.g3 Nf6 4.Bg2 Be7 5.d4 O-O 6.O-O Nbd7 7.Qc2 c5 8.cxd5 Nxd5
9.dxc5 Nxc5 10.Nc3 Nxc3 11.Qxc3 Bd7 12.Be3 Rc8 13.Rfd1 Qe8 14.Rac1 b6 15.Qd2 Bc6
16.b4 Ne4 17.Qb2 Nf6 18.b5 Bd5 19.Ne5 Bxg2 20.Kxg2 Nd5 21.Bd4 Bg5 22.e3 Rxc1
23.Rxc1 Qa8 24.Nc6 Bf6 25.e4 Bxd4 26.Qxd4 Nf6 27.Qa4 Kh8 28.Qxa7 Nxe4 29.Qxb6 Qxa2
30.Qd4 Nf6 31.b6 Qa8 32.Qb4 Rb8 33.Kg1 Rb7 34.Na5 Nd5 35.Nxb7 Nxb4 36.Nd6 Na6
37.b7 Qg8 38.Rc8 h6 39.Nxf7+ Kh7 40.Rxg8  1-0

[Event "Bohemians-B"]
[Site "Prague"]
[Date "1989.??.??"]
[Round "?"]
[White "Spacek, Petr"]
[Black "Streitberg, Petr"]
[Result "1-0"]
[WhiteElo "2385"]
[BlackElo "2275"]

1.d4 d5 2.c4 e6 3.Nf3 Be7 4.g3 Nf6 5.Bg2 O-O 6.O-O dxc4 7.Qc2 a6 8.Qxc4 b5
9.Qc2 Bb7 10.Bf4 Nc6 11.Nbd2 Nxd4 12.Nxd4 Bxg2 13.Nxe6 Qc8 14.Nxf8 Bxf1 15.Nxf1 Bxf8
16.Qxc7 Qe6 17.Ne3 Rc8 18.Qe5 Qb6 19.Rd1 Re8 20.Qc7 Qe6 21.b3 h6 22.Qc2 g5
23.Bc7 Ne4 24.Nd5 Bc5 25.Qxe4 Qxe4 26.Nf6+ Kg7 27.Nxe4 Rxe4 28.e3 Be7 29.Bd8 Ba3
30.Rd2 Re6 31.Rc2 g4 32.Ba5 Rd6 33.Bc3+ Kg6 34.Bd4 f5 35.Rc7 Re6 36.Kf1 Be7
37.Ke2 Bf6 38.Kd3 h5 39.a4 bxa4 40.bxa4 Rd6 41.Kc4 Bd8 42.Rg7+ Kh6 43.Rb7 Ba5
44.Kc5 Rg6 45.e4  1-0

[Event "Ptuj"]
[Site "Ptuj"]
[Date "1989.??.??"]
[Round "10"]
[White "Podvrsnik, Marko"]
[Black "Polajzer, Danilo"]
[Result "1/2-1/2"]
[WhiteElo "2290"]
[BlackElo "2345"]

1.d4 d5 2.Nf3 Nf6 3.c4 e6 4.g3 Be7 5.Bg2 O-O 6.O-O dxc4 7.Ne5 Nc6 8.Bxc6 bxc6
9.Nxc6 Qe8 10.Nxe7+ Qxe7 11.Qa4 e5 12.dxe5 Qxe5 13.Qxc4 Be6  1/2-1/2

[Event "Ragusa op"]
[Site "Ragusa"]
[Date "1989.??.??"]
[Round "?"]
[White "Sulava, Nenad"]
[Black "Misanovic, Vesna"]
[Result "1-0"]
[WhiteElo "2380"]
[BlackElo "2260"]

1.Nf3 d5 2.d4 Nf6 3.c4 e6 4.g3 Be7 5.Bg2 O-O 6.O-O b6 7.cxd5 exd5 8.Nc3 h6
9.Bf4 Bb7 10.Rc1 c6 11.Ne5 Nbd7 12.Qa4 Nxe5 13.Bxe5 Re8 14.Rfd1 Bf8 15.b4 Nd7
16.b5 cxb5 17.Qxb5 Nxe5 18.dxe5 Rxe5 19.Nxd5 Rc8 20.Rxc8 Qxc8 21.Qb2 Re8
22.e3 Bc5 23.a4 Bc6 24.a5 Qb7 25.axb6 axb6 26.h4 Re6 27.Kh2 Rd6 28.Qe5 Bxd5
29.Qe8+ Kh7 30.Bxd5 Rxd5 31.Qe4+ f5 32.Qxd5 Qxd5 33.Rxd5 Kg6 34.Rd7 Kf6 35.h5 b5
36.Rd5  1-0

[Event "Ragusa op"]
[Site "Ragusa"]
[Date "1989.??.??"]
[Round "?"]
[White "Sulava, Nenad"]
[Black "Micalizzi, Giovanni"]
[Result "1-0"]
[WhiteElo "2380"]
[BlackElo "2070"]

1.Nf3 d5 2.d4 Nf6 3.c4 e6 4.g3 Be7 5.Bg2 O-O 6.O-O dxc4 7.Nc3 c5 8.dxc5 Nc6
9.Qa4 e5 10.Rd1 Qc7 11.Nb5 Qb8 12.Qxc4 Be6 13.Qc2 a6 14.Nd6 Rd8 15.Be3 Bxd6
16.cxd6 Rxd6 17.Ng5 Bg4 18.Qb3 Rxd1+ 19.Rxd1 Qc7 20.Bb6 Qe7 21.Bc5 Qxc5 22.Qxf7+ Kh8
23.Qxb7 Rc8 24.Qxc6 Qxc6 25.Bxc6 h6 26.Nf7+ Kg8 27.Nxe5 Bxe2 28.Rd2 Bh5 29.f4  1-0

[Event "NOR-ch"]
[Site "Randaberg"]
[Date "1989.??.??"]
[Round "?"]
[White "Johannessen, Svein"]
[Black "Hoen, Ragnar"]
[Result "1/2-1/2"]
[WhiteElo "2355"]
[BlackElo "2330"]

1.d4 Nf6 2.c4 e6 3.g3 d5 4.Bg2 Be7 5.Nf3 O-O 6.Qc2 b6 7.cxd5 Nxd5 8.O-O Bb7
9.Nc3 Nd7 10.Nxd5 exd5 11.Bf4 c5 12.Rfd1 c4 13.b3 b5 14.bxc4 bxc4 15.Ne5 Nxe5
16.dxe5  1/2-1/2

[Event "NOR-ch"]
[Site "Randaberg"]
[Date "1989.??.??"]
[Round "?"]
[White "Ostenstad, Berge"]
[Black "Elseth, Roar"]
[Result "1-0"]
[WhiteElo "2430"]
[BlackElo "2320"]

1.d4 d5 2.c4 e6 3.Nf3 Nf6 4.g3 Be7 5.Bg2 O-O 6.O-O b6 7.Nc3 Bb7 8.Ne5 Qc8
9.cxd5 Nxd5 10.Nxd5 exd5 11.Qb3 c6 12.Bf4 Qd8 13.Rac1 Bd6 14.e4 dxe4 15.Bxe4 Qc7
16.Qf3 a6 17.Rfe1 Qd8 18.Qh5 g6 19.Nxg6 fxg6 20.Bxg6 Qc7 21.Bxd6 hxg6 22.Qxg6+ Qg7
23.Qe6+ Qf7 24.Bxf8 Qxe6 25.Rxe6 Kxf8 26.d5  1-0

[Event "Reggio Emilia8990"]
[Site "Reggio Emilia"]
[Date "1989.??.??"]
[Round "9"]
[White "Andersson, Ulf"]
[Black "Beliavsky, Alexander G"]
[Result "1-0"]
[WhiteElo "2620"]
[BlackElo "2640"]

1.Nf3 d5 2.d4 Nf6 3.c4 e6 4.g3 Be7 5.Bg2 O-O 6.O-O dxc4 7.Qc2 a6 8.Qxc4 b5
9.Qc2 Bb7 10.Bf4 Nc6 11.Rd1 Nb4 12.Qc1 Rc8 13.Nc3 Nbd5 14.Be3 c6 15.Ne5 Qb6
16.Nxd5 cxd5 17.Qd2 b4 18.Bg5 Rc7 19.Rac1 Rfc8 20.Rxc7 Rxc7 21.Rc1 a5 22.Bf4 Rxc1+
23.Qxc1 h6 24.Bf1 Ne4 25.Be3 a4 26.f3 Nd6 27.Bf2 Nb5 28.Qf4 Nd6 29.Qc1 Nb5
30.Nd7 Qc6 31.Nc5 a3 32.Qd2 Nxd4 33.Nxb7 b3 34.Na5 Qc2 35.Nxb3 axb2 36.Qxc2 Nxc2
37.Nd2 Bb4 38.Nb1 Na3 39.Bd4 Nxb1 40.Bxb2 Bc5+ 41.Kg2 Nd2 42.a4 Nc4 43.Bc1 Ne3+
44.Kf2 Nxf1+ 45.Kxf1 Kf8 46.g4 Ke7 47.h4 Kd6 48.Ke1 Kc6 49.Kd1 Kb6 50.Kc2 Bd4
51.h5 Bc5 52.Kb3 f6 53.Bd2 e5 54.Bb4 Kc6 55.Bxc5 Kxc5 56.Kc3 d4+ 57.Kb3 Kc6
58.Kb4 Kb6 59.a5+ Kc6 60.Kc4 Kb7 61.Kb5 Ka7 62.a6  1-0

[Event "Royan op"]
[Site "Royan"]
[Date "1989.??.??"]
[Round "4"]
[White "Verat, Laurent"]
[Black "Langeweg, Kick"]
[Result "1/2-1/2"]
[WhiteElo "2265"]
[BlackElo "2400"]

1.d4 Nf6 2.c4 e6 3.g3 d5 4.Nf3 Be7 5.Bg2 O-O 6.O-O b6 7.Ne5 Bb7 8.Nc3 Na6
9.cxd5 exd5 10.Nd3 Qd7 11.Be3 c5 12.Rc1 Rfd8 13.Ne5 Qe6 14.Nb5 Ne4 15.f4 f6
16.f5 Qc8 17.Nd3 Qd7 18.Nc3 Nxc3 19.Rxc3 c4 20.Nf4 Bb4 21.Rc1 Nc7 22.Bh3 Qe7
23.Rf3 Re8 24.Qf1 Bd6 25.Bg4 Nb5 26.Ne6 Nc7 27.Nf4 Qe4 28.Qf2 Nb5 29.Bh5 Bxf4
30.Bxe8 Rxe8 31.Bxf4 Qxe2 32.Re3 Rxe3 33.Qxe3 Qxe3+ 34.Bxe3 h5 35.h3 Nd6
36.g4 Ne4 37.Bf4 b5 38.a3 Bc8 39.Kg2 hxg4 40.hxg4 g6 41.b3 gxf5 42.bxc4 dxc4
43.Kf3 Kf7 44.Ke3 Ke6 45.gxf5+ Kd5 46.Rh1 Nc3 47.Rh6 Nd1+ 48.Kd2 Nf2 49.Be3 Ne4+
50.Kc1 Bxf5 51.Rh8 Ng3 52.Rd8+ Ke4 53.Re8+ Kd3 54.d5 Ne2+ 55.Kb2 a5 56.d6 Nc3
57.Bh6 Na4+ 58.Kc1 Nc5 59.Re3+ Kd4 60.Rf3 Ke4 61.Re3+ Kd5 62.Rf3 Ke4 63.Re3+  1/2-1/2

[Event "San Bernardino op"]
[Site "San Bernardino"]
[Date "1989.??.??"]
[Round "5"]
[White "Petursson, Margeir"]
[Black "Dutreeuw, Marc"]
[Result "1/2-1/2"]
[WhiteElo "2530"]
[BlackElo "2400"]

1.d4 d5 2.c4 e6 3.Nf3 Nf6 4.g3 Be7 5.Bg2 O-O 6.Nc3 dxc4 7.O-O Nbd7 8.e4 c5
9.d5 exd5 10.exd5 Nb6 11.Ne5 Bd6 12.f4 Re8 13.a4 a5 14.Nb5 Bf5 15.Re1 Ng4
16.Nxg4 Rxe1+ 17.Qxe1 Bxg4 18.Bd2 Qe7 19.Qxe7 Bxe7 20.d6 Bf6 21.Bxb7 Rb8
22.Bc6 Bxb2 23.Re1 g6 24.Bxa5 Nxa4 25.d7 Bxd7 26.Bxd7 c3 27.Re2 Nb6 28.Bc6 Nd5
29.Bxd5 Rxb5 30.Bd8 Kg7 31.Rc2 Ba1 32.g4 Rb1+ 33.Kf2 Rd1 34.g5 Rxd5 35.Bf6+ Kf8
36.Ke2 Bb2 37.Bxc3 Bxc3 38.Rxc3 Ke7 39.Rh3 c4 40.Rxh7 c3 41.Rh3 Rc5 42.Re3+ Kd6
43.Kd1 Rc7 44.Kc2 Kd5 45.h4 Kd4 46.Re8 Ra7 47.Rd8+ Ke4 48.Kxc3 Kxf4 49.Kd2 Re7
50.Rh8 Re4 51.Kd3 Re3+ 52.Kd2 Rh3 53.Rh7 Kg4 54.Ke2 Rxh4 55.Rxf7 Kxg5 56.Kf3 Ra4  1/2-1/2

[Event "St Ingbert op"]
[Site "St Ingbert"]
[Date "1989.??.??"]
[Round "5"]
[White "Hausner, Ivan"]
[Black "Haugli, Petter"]
[Result "1/2-1/2"]
[WhiteElo "2440"]
[BlackElo "2365"]

1.d4 Nf6 2.c4 e6 3.g3 d5 4.Nf3 Be7 5.Bg2 O-O 6.O-O dxc4 7.Ne5 Nc6 8.Bxc6 bxc6
9.Nxc6 Qe8 10.Nxe7+ Qxe7 11.Qa4 Qd6 12.Rd1 Nd5 13.Qxc4 Ba6 14.Qc2 Nb4 15.Qd2 Rfd8
16.Nc3 c5 17.dxc5 Qf8 18.Qf4 Rxd1+ 19.Nxd1 Nc2 20.Rb1 Bxe2 21.Be3 e5 22.Qe4 Ne1
23.Rc1 Bf3 24.Qf5 Bc6 25.Nc3 Nf3+ 26.Kf1 Nxh2+ 27.Kg1 Nf3+ 28.Kf1 Nh2+ 29.Kg1 Nf3+
30.Kf1 g6 31.Qh3 Rd8 32.b4 a6 33.a4 Qe8 34.Bh6 f5 35.b5 axb5 36.axb5 Bxb5+
37.Nxb5 Qxb5+ 38.Kg2 Qc6 39.Kh1 Nh4+ 40.Kg1 Nf3+ 41.Kh1 g5 42.Kg2 Ra8 43.Kf1 Qb5+
44.Kg2 Qc6 45.Kf1 Nd2+ 46.Kg1 Nf3+  1/2-1/2

[Event "St Ingbert op"]
[Site "St Ingbert"]
[Date "1989.??.??"]
[Round "9"]
[White "Beil, Zdenek"]
[Black "Haugli, Petter"]
[Result "1/2-1/2"]
[WhiteElo "2365"]
[BlackElo "2365"]

1.d4 Nf6 2.Nf3 d5 3.c4 e6 4.g3 Be7 5.Bg2 O-O 6.O-O dxc4 7.Qc2 a6 8.Qxc4 b5
9.Qc2 Bb7 10.Bg5 Nbd7 11.Bxf6 Nxf6 12.Nbd2 Rc8 13.Nb3 Be4 14.Qc1 c5 15.dxc5 Qc7
16.Qf4 Qxf4 17.gxf4 Bxc5 18.Ne5 Bxg2 19.Kxg2 Bd6 20.Nd3 Rc4 21.e3 Rfc8 22.Rfd1 Kf8
23.h3 Ke7 24.Kf3 h6 25.a3 g5 26.Na5 Rc2 27.Nb7 Bb8 28.fxg5 hxg5 29.Nb4 Rxb2
30.Rac1 Rxc1 31.Rxc1 Nd7 32.Nxa6 Ne5+ 33.Kg2 Nd3 34.Rf1 Ba7 35.Kf3 f5 36.Nb4 Nxb4
37.axb4 Rxb4 38.Na5 Ra4 39.Nc6+ Kd6 40.Nd8 Ke7 41.Nc6+ Kd6 42.Nd8 g4+ 43.hxg4 fxg4+
44.Ke2 Ra2+ 45.Kd3 Ra3+ 46.Ke4 Ra4+ 47.Kd3 Ke7 48.Nc6+ Kd6 49.Nd8 Kd5 50.Rd1 Ra2
51.Rb1 Ra3+ 52.Kc2 Kc4 53.Nxe6 b4 54.Kb2 Rb3+ 55.Ka2 Ra3+ 56.Kb2 Rb3+ 57.Ka2 Rd3
58.Rc1+ Rc3 59.Kb2 Kd3 60.Rg1 Ke2 61.Rxg4 Kxf2  1/2-1/2

[Event "SWZ-ch int"]
[Site "?"]
[Date "1989.??.??"]
[Round "12"]
[White "Klinger, Josef"]
[Black "Ioseliani, Nana"]
[Result "1/2-1/2"]
[WhiteElo "2475"]
[BlackElo "2470"]

1.Nf3 Nf6 2.c4 e6 3.g3 d5 4.d4 Be7 5.Bg2 O-O 6.O-O dxc4 7.Qc2 a6 8.Qxc4 b5
9.Qc2 Bb7 10.Bd2 Nc6 11.e3 Nb4 12.Bxb4 Bxb4 13.a3  1/2-1/2

[Event "Tel Aviv-A"]
[Site "Tel Aviv"]
[Date "1989.??.??"]
[Round "11"]
[White "Manor, Ilan"]
[Black "Shvidler, Eliahu"]
[Result "0-1"]
[WhiteElo "2425"]
[BlackElo "2410"]

1.d4 Nf6 2.c4 e6 3.g3 d5 4.Bg2 Be7 5.Nf3 O-O 6.O-O dxc4 7.Qc2 a6 8.a4 Bd7
9.Rd1 Bc6 10.Nc3 Bxf3 11.Bxf3 Nc6 12.Bxc6 bxc6 13.a5 Qb8 14.Bg5 Nd5 15.Ne4 f6
16.Bd2 Qb5 17.Ra4 f5 18.Nc3 Nxc3 19.Bxc3 Rfd8 20.Be1 Rab8 21.Rxc4 c5 22.Rc1 Qxb2
23.Qd3 Rxd4 24.Qe3 Re4 25.Rxe4 fxe4 26.Rd1 Qb3 27.Qc1 Bd6 28.Kg2 Qa4 29.Bc3 Qc4
30.Qe3 Rb3 31.Rc1 Qd5 32.Rc2 Be5 33.Rd2 Bd4 34.Bxd4 Rxe3 35.Bxe3 Qc6 36.Rd1 c4
37.Rc1 c3 38.Rc2 Qc4 39.Kf1 Qb3 40.Rc1 Qa3  0-1

[Event "Toronto"]
[Site "Toronto"]
[Date "1989.??.??"]
[Round "10"]
[White "Hulak, Krunoslav"]
[Black "Findlay, Ian T"]
[Result "1-0"]
[WhiteElo "2515"]
[BlackElo "2340"]

1.d4 Nf6 2.c4 e6 3.g3 d5 4.Bg2 Be7 5.Nf3 O-O 6.O-O dxc4 7.Qc2 a6 8.Qxc4 b5
9.Qc2 Bb7 10.Bg5 Nbd7 11.Nbd2 Rc8 12.Bxf6 Nxf6 13.Nb3 Be4 14.Qc1 c5 15.dxc5 Qc7
16.a4 bxa4 17.Rxa4 Qb7 18.Nbd2 Bxc5 19.Qa1 Bc6 20.Rh4 Rfd8 21.Nc4 Bd5 22.Nce5 Ne4
23.Nxf7 Qxf7 24.Rxe4 Bxe4 25.Ng5 Qh5 26.Nxe4 Qxe2 27.Re1 Qc4 28.Bf1 Qb4 29.Bxa6 Rc6
30.Bf1 Bd4 31.Re2 Qb3 32.Rd2 h6 33.Rxd4  1-0

[Event "Tirnavia-B"]
[Site "Trnava"]
[Date "1989.??.??"]
[Round "4"]
[White "Basin, Leonid"]
[Black "Cvetkovic, Srdjan"]
[Result "1/2-1/2"]
[WhiteElo "2445"]
[BlackElo "2460"]

1.d4 Nf6 2.c4 e6 3.Nf3 d5 4.g3 Be7 5.Bg2 O-O 6.O-O dxc4 7.Ne5 Nc6 8.Bxc6 bxc6
9.Nxc6 Qe8 10.Nxe7+ Qxe7 11.Qa4 e5 12.dxe5 Qxe5 13.Qxc4 Be6 14.Qd3 Rab8 15.Nc3 Rfd8
16.Qe3 Qa5  1/2-1/2

[Event "Tirnavia-B"]
[Site "Trnava"]
[Date "1989.??.??"]
[Round "13"]
[White "Stohl, Igor"]
[Black "Cvetkovic, Srdjan"]
[Result "1-0"]
[WhiteElo "2455"]
[BlackElo "2460"]

1.d4 Nf6 2.c4 e6 3.Nf3 d5 4.g3 Be7 5.Bg2 O-O 6.O-O dxc4 7.Ne5 Nc6 8.Bxc6 bxc6
9.Nxc6 Qe8 10.Nxe7+ Qxe7 11.Qa4 e5 12.dxe5 Qxe5 13.Qxc4 Be6 14.Qd3 Rab8 15.Nc3 Rfd8
16.Bf4 Qh5 17.Qc2 Rd4 18.f3 Rdb4 19.b3 Qc5+ 20.Rf2 Nd5 21.Bd2 Rd4 22.Rc1 Nxc3
23.Qxc3 Qxc3 24.Bxc3 Rd7 25.e3 c5 26.Be5 Re8 27.Rxc5 Bh3 28.Rfc2 Rd1+ 29.Kf2 h5
30.e4 f6 31.Bf4 g5 32.Rc1 Rd3 33.Be3 Kf7 34.Rc7+ Bd7 35.Ke2 Rd6 36.Bc5 Rd5
37.Be3 Rd6 38.Rxa7  1-0

[Event "Tirnavia-C"]
[Site "Trnava"]
[Date "1989.??.??"]
[Round "13"]
[White "Raicevic, Momcilo"]
[Black "Michenka, Jozef"]
[Result "0-1"]
[WhiteElo "2390"]
[BlackElo "2310"]

1.c4 e6 2.Nf3 d5 3.d4 Nf6 4.g3 Be7 5.Bg2 O-O 6.O-O dxc4 7.Na3 Bxa3 8.bxa3 Nbd7
9.Bb2 a5 10.Qc2 b5 11.Ne5 Nd5 12.Nc6 Qe8 13.e4 N5b6 14.d5 Bb7 15.Nxa5 Nc5
16.Nxb7 Nxb7 17.Bd4 e5 18.Bc3 Na4 19.Bb4 Nbc5 20.Qe2 Qb8 21.f4 Qb6 22.Kh1 Rfe8
23.fxe5 Rxe5 24.Bd2 Rae8 25.Be3 Qg6 26.Bf4 Rxd5 27.e5 Rd3 28.Qf2 Rxa3 29.Be3 Nd3
30.Qf3 Nxe5 31.Qf4 Nc3 32.Rae1 Nd3 33.Bd2 Nxe1 34.Bxe1 Ne4 35.Qxc7 Rxa2 36.Qd7 Nf6
37.Qxb5 Qc2 38.Bf2 h6 39.Bd5 Qe2 40.Bxc4 Qe4+ 41.Kg1 Rd2 42.Qb3 Re7 43.Qb8+ Kh7
44.Qb5 Ng4 45.Re1 Qxe1+ 46.Bxe1 Rxe1+ 47.Bf1 Rf2 48.Qd3+ g6 49.Qd2 Rexf1+  0-1

[Event "Uzes op"]
[Site "Uzes"]
[Date "1989.??.??"]
[Round "4"]
[White "Michalet, Guy"]
[Black "Nevado, A."]
[Result "1-0"]
[WhiteElo "2215"]
[BlackElo "1910"]

1.d4 Nf6 2.c4 e6 3.g3 d5 4.Bg2 Be7 5.Nf3 O-O 6.O-O Nbd7 7.Qc2 c5 8.cxd5 exd5
9.Nc3 Re8 10.Rd1 c4 11.e4 dxe4 12.Ng5 h6 13.Ngxe4 Nxe4 14.Nxe4 Nf6 15.Nxf6+ Bxf6
16.Qxc4 Bg4 17.f3 Rc8 18.Qd3 Bh5 19.Bf4 Bg6 20.Qb5 Bxd4+ 21.Kh1 Qb6 22.Qxb6 Bxb6
23.Rd2 Rcd8 24.Rxd8 Bxd8 25.Rc1 Bf6 26.Bf1 Bxb2 27.Rc7 Re1 28.Kg2 Bd4 29.Rxb7 Bb6
30.Bb8 Ra1 31.Bc4 Rc1 32.Bb3 h5 33.Bxa7 Rg1+ 34.Kh3 Bf5+ 35.Kh4 Bd8+ 36.Kxh5 Rh1
37.Bxf7+ Kf8 38.Bc5+  1-0

[Event "Val Thorens op2"]
[Site "Val Thorens"]
[Date "1989.??.??"]
[Round "2"]
[White "Praud, Jean Luc"]
[Black "Dextre, Eric"]
[Result "1/2-1/2"]
[WhiteElo "2265"]
[BlackElo "2225"]

1.d4 Nf6 2.c4 e6 3.g3 d5 4.Bg2 Be7 5.Nf3 O-O 6.Qc2 dxc4 7.Qxc4 a6 8.O-O b5
9.Qc2 Bb7 10.Bd2 Nc6 11.e3 Qb8 12.Rc1 Rc8 13.Be1 Nb4 14.Qe2 Qa7 15.Ne5 Bxg2
16.Kxg2 c5 17.Bxb4 cxb4 18.Nd2 Bd6 19.Nd3 Qe7 20.Qf3 e5 21.dxe5 Bxe5 22.Nxe5 Qxe5
23.Qb7 Rd8 24.Nf3 Qxb2 25.Ng5 Rf8 26.Nxf7 Ng4 27.Qf3 Qxf2+ 28.Qxf2 Nxf2 29.Kxf2 Rxf7+
30.Ke2 Raf8 31.Rc6 Rf2+ 32.Kd3 a5 33.Rb6 Rd8+ 34.Ke4 Re8+ 35.Kd3 Rxh2 36.Rxb5 Rg2
37.Rxa5 Rxg3 38.Re1 Rg6 39.Re2 Rd6+ 40.Kc4 Re4+ 41.Kc5 Re5+ 42.Kxd6 Rxa5
43.e4 Kf7 44.e5 Ra6+ 45.Kc5 Ke6 46.Kxb4 g5 47.a4 h5 48.Rg2 Kf5 49.Kb5 Ra8
50.e6 h4 51.e7 Re8 52.Rf2+ Ke6 53.a5 Rb8+ 54.Kc6 Kxe7 55.a6 h3 56.Kd5 g4
57.Ke4 Rb4+ 58.Ke3 Ra4 59.Re2 Kf6 60.Kf2 Kf5 61.Kg3 Ra3+ 62.Kh4 Kf4 63.Rf2+ Ke3
64.Kg3 Ra1 65.a7 Rxa7  1/2-1/2

[Event "Warsaw op"]
[Site "Warsaw"]
[Date "1989.??.??"]
[Round "?"]
[White "Hawelko, Marek"]
[Black "Suetin, Alexey S"]
[Result "1-0"]
[WhiteElo "2455"]
[BlackElo "2370"]

1.Nf3 Nf6 2.d4 d5 3.c4 e6 4.g3 Be7 5.Bg2 O-O 6.O-O c6 7.Qc2 b6 8.b3 Bb7 9.Rd1 Nbd7
10.Nc3 Rc8 11.e4 dxe4 12.Ng5 h6 13.Ngxe4 Nxe4 14.Nxe4 Nf6 15.Bf4 Nxe4 16.Bxe4 Bd6
17.Be5 Qc7 18.f4 Rfd8 19.c5 bxc5 20.Bxd6 Rxd6 21.dxc5 Rxd1+ 22.Rxd1 Rd8 23.Rxd8+ Qxd8
24.Qd3 Qxd3 25.Bxd3 Kf8 26.Kf2 Ke7 27.Ke3 f6 28.Kd4 Kd7 29.b4 Kc7 30.h4 Bc8
31.Bc4 Kd7 32.Be2 Kc7 33.a3 Kd7 34.Ke4 Ke7 35.g4 Bb7 36.a4 a6 37.Bc4 Bc8
38.Be2 Kd7 39.Bf3 Kc7 40.Kd4 Bd7 41.Be2 Bc8 42.Ke3 Kd8 43.Bd3 Ke7 44.Bg6 Bd7
45.Kf3 Bc8 46.Ke4 Bd7 47.Kf3 Bc8 48.g5 Bd7 49.gxh6 gxh6 50.Ke4 Bc8 51.Kd4 Kd7
52.Be4 Kc7 53.Ke3 Bd7 54.Bd3 Kb7 55.Bc4 Ka7 56.Kf3 Kb7 57.Bd3 Be8 58.Kg4 Ka7
59.Bc4 h5+ 60.Kf3 Bd7 61.Ke4 Be8  1-0

[Event "JUG-chT"]
[Site "Zlatibor"]
[Date "1989.??.??"]
[Round "?"]
[White "Hulak, Krunoslav"]
[Black "Gligoric, Svetozar"]
[Result "1/2-1/2"]
[WhiteElo "2550"]
[BlackElo "2485"]

1.d4 Nf6 2.c4 e6 3.g3 d5 4.Bg2 Be7 5.Nf3 O-O 6.O-O dxc4 7.Qc2 a6 8.Qxc4 b5
9.Qc2 Bb7 10.Bg5 Nbd7 11.Nbd2 Rc8 12.Bxf6 Nxf6 13.Nb3 Be4 14.Qc3 Nd5 15.Qc1 Nb6
16.Rd1 Na4 17.Nc5 Bxc5 18.dxc5 Qf6 19.b4 Nc3 20.Re1 Nxe2+ 21.Rxe2 Bxf3 22.Bxf3 Qxf3
23.Rd2 Rcd8 24.a4 Rd5 25.axb5 axb5 26.Rxd5 Qxd5 27.Qf1 Qd4 28.Ra7 c6 29.Rc7 Qxb4
30.Rxc6 h6 31.Rb6 Qxc5 32.Qxb5 Qd4 33.Qc6 Rd8 34.Rb7 e5 35.Re7 Qd1+ 36.Kg2 Qd5+
37.Qxd5 Rxd5 38.Re8+ Kh7 39.h4 Kg6 40.Kf3 f6 41.Re7 f5 42.Re6+ Kh5 43.Re7 g5
44.hxg5 e4+ 45.Kg2 hxg5 46.Kh3 Rd3 47.Re8 Rf3 48.Rh8+ Kg6 49.Kg2 Rd3 50.Re8 Rd5
51.Rg8+ Kh5 52.Rh8+ Kg4 53.Re8 Rd1 54.Re7 Re1 55.Re5 Re2 56.Kf1 Rd2 57.Kg2 Rd3
58.Re8 Rd4 59.Re5 Ra4 60.Re8 Kh5 61.Rh8+ Kg6 62.Rg8+ Kf6 63.Rf8+ Ke6 64.Kf1 Ra5
65.Ke2 Ke7 66.Rb8 Kd6 67.Rb6+ Ke5 68.Rg6 Ra2+ 69.Kf1 e3 70.fxe3 g4 71.Rg8 Ke4
72.Rf8 Kf3 73.Rxf5+ Kxg3 74.e4 Ra4 75.e5 Re4 76.Kg1  1/2-1/2

[Event "JUG-chT"]
[Site "Zlatibor"]
[Date "1989.??.??"]
[Round "?"]
[White "Hulak, Krunoslav"]
[Black "Cekro, Ekrem"]
[Result "1-0"]
[WhiteElo "2550"]
[BlackElo "2445"]

1.d4 Nf6 2.c4 e6 3.g3 Be7 4.Bg2 d5 5.Nf3 O-O 6.O-O b6 7.Ne5 Bb7 8.Nc3 Nbd7
9.cxd5 Nxe5 10.d6 Nc6 11.dxe7 Qxe7 12.Qa4 Na5 13.e4 Rfd8 14.Rd1 h6 15.b4 Nc6
16.e5 Nd5 17.Nxd5 exd5 18.a3 Qd7 19.Qc2 Ba6 20.h3 Ne7 21.g4 Bb5 22.a4 Bc4
23.f4 Rac8 24.Be3 Nc6 25.Qd2 Qe7 26.Rab1 f5 27.b5 Na5 28.gxf5 Rf8 29.f6 gxf6
30.Qe1 f5 31.Bd2 Rf7 32.Bb4 Qe6 33.Kh2 Kh7 34.Bf3 Rg8 35.Qh4 Nb3 36.Rb2 a6
37.Bh5 axb5 38.axb5  1-0

[Event "JUG-chT"]
[Site "Zlatibor"]
[Date "1989.??.??"]
[Round "?"]
[White "Ristic, Nenad"]
[Black "Maksimovic, Branimir"]
[Result "0-1"]
[WhiteElo "2430"]
[BlackElo "2350"]

1.d4 Nf6 2.Nf3 e6 3.g3 d5 4.Bg2 Be7 5.c4 O-O 6.O-O Nbd7 7.Nc3 dxc4 8.e4 c6
9.a4 e5 10.dxe5 Ng4 11.Bf4 g5 12.Nxg5 Ndxe5 13.Qxd8 Rxd8 14.f3 Bc5+ 15.Kh1 Ne3
16.Bxe5 Nxg2 17.Bf6 Rd3 18.Kxg2 Rd2+ 19.Kh1 h6 20.Rad1 Be3 21.Rxd2 Bxd2 22.Rd1 Bxg5
23.Rd8+ Kh7 24.Bxg5 hxg5 25.e5 b5 26.Ne4 Kg6 27.Kg1 b4 28.g4 Kg7 29.Kf2 c3
30.bxc3 b3 31.Nf6 Bb7 32.Rxa8 Bxa8 33.Ne4 b2 34.Nd2 c5 35.Ke3 Bd5 36.Kd3 Bxf3
37.Kc2 Bxg4 38.Kxb2 Kg6 39.Ne4 Kf5 40.Nd6+ Ke6 41.a5 f5 42.a6 Kxe5 43.Nc8 f4
44.Nxa7 Bd7 45.Kc2 Kd5 46.Kb3 f3 47.c4+ Ke5 48.Nb5 f2  0-1